|
|
|
|
| LEADER |
01356nam a22003734a 4500 |
| 001 |
EBC1968861 |
| 003 |
MiAaPQ |
| 005 |
20200520144314.0 |
| 006 |
m o d | |
| 007 |
cr cn||||||||| |
| 008 |
050826s2006 nyua sb 001 0 eng |
| 010 |
|
|
|z 2005025003
|
| 015 |
|
|
|a GBA598638
|2 bnb
|
| 016 |
7 |
|
|z 013342667
|2 Uk
|
| 020 |
|
|
|z 076561698X (cloth : alk. paper)
|
| 035 |
|
|
|a (MiAaPQ)EBC1968861
|
| 035 |
|
|
|a (Au-PeEL)EBL1968861
|
| 035 |
|
|
|a (CaPaEBR)ebr10292195
|
| 035 |
|
|
|a (CaONFJC)MIL211944
|
| 035 |
|
|
|a (OCoLC)905984368
|
| 040 |
|
|
|a MiAaPQ
|c MiAaPQ
|d MiAaPQ
|
| 050 |
|
4 |
|a HF5415
|b .D623 2006
|
| 082 |
0 |
4 |
|a 658.8
|2 22
|
| 245 |
0 |
0 |
|a Does marketing need reform?
|h [electronic resource] :
|b fresh perspectives on the future /
|c Jagdish N. Sheth, Rajendra S. Sisodia, editors.
|
| 260 |
|
|
|a Armonk, N.Y. :
|b M.E. Sharpe,
|c c2006.
|
| 300 |
|
|
|a vii, 352 p. :
|b ill.
|
| 504 |
|
|
|a Includes bibliographical references and index.
|
| 533 |
|
|
|a Electronic reproduction. Ann Arbor, MI : ProQuest, 2015. Available via World Wide Web. Access may be limited to ProQuest affiliated libraries.
|
| 650 |
|
0 |
|a Marketing.
|
| 655 |
|
4 |
|a Electronic books.
|
| 700 |
1 |
|
|a Sheth, Jagdish N.
|
| 700 |
1 |
|
|a Sisodia, Rajendra.
|
| 710 |
2 |
|
|a ProQuest (Firm)
|
| 856 |
4 |
0 |
|u https://ebookcentral.proquest.com/lib/matrademy/detail.action?docID=1968861
|z Click to View
|